Loading...
Critically classifying UK E-government website benchmarking and the recasting of the citizen as customer
| Hovedforfatter: | |
|---|---|
| Format: | Printed Book |
| Udgivet: |
2007
|
| Online adgang: | http://10.26.1.76/ks/001049.pdf |
| LEADER | 003840000a22001090004500 | ||
|---|---|---|---|
| 100 | |a Benjamin Mosse | ||
| 245 | |a Critically classifying UK E-government website benchmarking and the recasting of the citizen as customer | ||
| 260 | |c 2007 | ||
| 856 | |u http://10.26.1.76/ks/001049.pdf | ||
| 942 | |c KS | ||
| 999 | |c 70437 |d 70437 | ||
| 952 | |0 0 |1 0 |4 0 |7 0 |9 62401 |a MGUL |b MGUL |d 2015-08-01 |l 0 |r 2015-08-01 |w 2015-08-01 |y KS | ||